Arte efímero y espacio estético
Wedi'i Gadw mewn:
| Prif Awdur: | |
|---|---|
| Fformat: | Llyfr |
| Iaith: | Sbaeneg |
| Cyhoeddwyd: |
Barcelona
Anthropos
1988
|
| Cyfres: | Palabra plástica, 10
|
| Pynciau: | |
| Tagiau: |
Ychwanegu Tag
Dim Tagiau, Byddwch y cyntaf i dagio'r cofnod hwn!
|
MARC
| LEADER | 00000nam a2200000 a 4500 | ||
|---|---|---|---|
| 001 | UCY1208 | ||
| 003 | CL-VaPUC | ||
| 008 | 940824e19880000SP |||||||||||||||||spa|d | ||
| 082 | 0 | 4 | |a 701 |b FER |2 21 |
| 100 | 0 | |a Fernández Arenas, José |e author |9 329131 | |
| 245 | 1 | 0 | |a Arte efímero y espacio estético |
| 300 | |a 554 p | ||
| 942 | |c BK | ||
| 945 | |d 19940824 00:00:00 |a oaravena | ||
| 260 | |a Barcelona |b Anthropos |c 1988 | ||
| 650 | 7 | |a ESPACIO Y TIEMPO EN ARTE |2 CL-VaPUC |9 329132 | |
| 650 | 7 | |a ESPACIO EN EL ARTE |2 CL-VaPUC |9 268371 | |
| 650 | 7 | |a TIEMPO EN EL ARTE |2 CL-VaPUC |9 329133 | |
| 583 | |a last modification |c 19940824 00:00:00 |k Rodrigo Vera | ||
| 490 | 0 | |a Palabra plástica, 10 | |
| 999 | |c 229984 |d 229982 | ||
| 952 | |0 0 |1 0 |4 0 |6 701_000000000000000_FER_1988 |7 0 |8 A |9 231755 |a BIBHIS |b BIBHIS |d 2019-11-15 |i 2999978 |o 701 FER 1988 |p 2999978 |r 2025-01-20 |w 2019-11-15 |y BK |k HIS | ||